Náš vládca mobil

Význam mobilu ako predajného kanála v súčasnosti raketovo rastie. Obchodníci sa silnejúcemu online prostrediu prispôsobujú. Používanie mobilu u staršej generácie. Personalizácia ako budúci trend. Ako ešte využiť mobil v praxi.

Saved in:
Bibliographic Details
Main Author: Petrášová, Michaela
Format: Book Chapter
Language:Slovak
Subjects:
Tags: Add Tag
No Tags, Be the first to tag this record!

MARC

LEADER 00000naa a2200000 4500
001 0263639
005 20200602084349.2
041 0 |a slo 
044 |a SK 
245 1 0 |a Náš vládca mobil  |c Michaela Petrášová 
520 |a Význam mobilu ako predajného kanála v súčasnosti raketovo rastie. Obchodníci sa silnejúcemu online prostrediu prispôsobujú. Používanie mobilu u staršej generácie. Personalizácia ako budúci trend. Ako ešte využiť mobil v praxi. 
610 2 0 |a telefón mobilný 
610 2 0 |a technológie informačné 
610 2 0 |a technológie komunikačné 
610 2 0 |a technológie nové 
610 2 0 |a služby elektronické 
610 2 0 |a obchod elektronický 
100 1 |a Petrášová, Michaela